El odio a la música.

में बचाया:
ग्रंथसूची विवरण
मुख्य लेखक: Quignard, Pascal (autor)
अन्य लेखक: Martínez, Margarita (traductora)
स्वरूप: पुस्तक
भाषा:स्पेनिश
प्रकाशित: Buenos Aires, Argentina: El Cuenco de Plata, 2023.
संस्करण:4ta. edición.
श्रृंखला:Teoría y Ensayo,
विषय:
टैग: टैग जोड़ें
कोई टैग नहीं, इस रिकॉर्ड को टैग करने वाले पहले व्यक्ति बनें!

MARC

LEADER 00000cam a2200000 a 4500
001 UCE0029
003 CL-VaPUC
005 20250321101929.0
008 131227t20230000ag |||||||||||||||||spa|d
999 |c 446731  |d 446729 
020 |a 978-987-1228-30-8 
040 |c Pontificia Universidad Católica de Valparaíso 
082 0 4 |a 844 QUI 2023  |2 21 
100 |a Quignard, Pascal  |e autor  |9 602753 
245 1 3 |a El odio a la música. 
250 |a 4ta. edición. 
260 |a Buenos Aires, Argentina:  |b El Cuenco de Plata,  |c 2023. 
300 |a 192 páginas. 
490 0 |a Teoría y Ensayo,  |n  31. 
500 |a c.1-c.2. Instituto Arcos.08-01-2025. 
583 |a last modification  |c 20131227 10:32:00  |k Gabriela Rodríguez Cuevas 
650 0 |a Música  |9 306269  |x Estética y filosofía  
650 0 |a Ensayos franceses  |9 265511 
700 |9 895720  |a Martínez, Margarita  |e traductora 
942 |c BK  |2 ddc  |n 0 
945 |d 20131227 10:32:00  |a dcastane 
952 |0 0  |1 0  |2 ddc  |4 0  |6 844_000000000000000_QUI_2023  |7 0  |9 599727  |a BIBINC  |b BIBINC  |c GEN  |d 2025-01-22  |e Instituto Arcos  |i 5664584  |o 844 QUI 2023  |p 5664584  |r 2025-01-22  |t 1  |w 2025-01-22  |y BK  |k IFP 
952 |0 0  |1 0  |2 ddc  |4 0  |6 844_000000000000000_QUI_2023  |7 0  |9 599728  |a BIBINC  |b BIBINC  |c GEN  |d 2025-01-22  |e Instituto Arcos  |i 5664585  |o 844 QUI 2023  |p 5664585  |r 2025-01-22  |t 2  |w 2025-01-22  |y BK  |k IFP